|
|
|
|
| LEADER |
00000nam0a2200000 4500 |
| 001 |
193365 |
| 005 |
20231031181909.0 |
| 035 |
|
|
|a (RuTPU)RU\TPU\book\210882
|
| 090 |
|
|
|a 193365
|
| 100 |
|
|
|a 20110323d1972 m y0rusy50 ca
|
| 101 |
0 |
|
|a rus
|
| 102 |
|
|
|a RU
|
| 105 |
|
|
|a a z 000zy
|
| 200 |
1 |
|
|a Покорение космоса
|e фотоальбом
|f сост. А. Д. Коваль, В. П. Сенкевич
|
| 205 |
|
|
|a 2-е изд., перераб. и доп.
|
| 210 |
|
|
|a Москва
|c Машиностроение
|d 1972
|
| 215 |
|
|
|a 179 с.
|c ил.
|
| 610 |
1 |
|
|a космонавтика
|
| 610 |
1 |
|
|a СССР
|
| 610 |
1 |
|
|a фотоальбомы
|
| 610 |
1 |
|
|a история
|
| 610 |
1 |
|
|a спутники
|
| 610 |
1 |
|
|a орбитальные станции
|
| 610 |
1 |
|
|a Вселенная
|
| 610 |
1 |
|
|a аргонавты
|
| 675 |
|
|
|a 629.78(084)
|v 3
|
| 702 |
|
1 |
|a Коваль
|b А. Д.
|4 220
|
| 702 |
|
1 |
|a Сенкевич
|b В. П.
|4 220
|
| 801 |
|
1 |
|a RU
|b 63413507
|c 20110323
|
| 801 |
|
2 |
|a RU
|b 63413507
|c 20190225
|g RCR
|
| 942 |
|
|
|c BK
|